Стремление души к Всевышнему Аллаху - основа добропорядочного воспитания в исламе (Запись № 11153927)

Подробности
000 -МАРКЕР
контрольное поле 01628nam0a2200325 i 4500
001 - ИДЕНТИФИКАТОР ЗАПИСИ
контрольное поле RU\NLR\BIBL_A\011334573
005 - ИДЕНТИФИКАТОР ВЕРСИИ
контрольное поле 20241103100807.0
021 ## - НОМЕР ГОСУДАРСТВЕННОЙ РЕГИСТРАЦИИ
Код страны Российская Федерация
Номер 2017-5528
Номер Листа государственной регистраци 388
035 ## - ДРУГИЕ СИСТЕМНЫЕ НОМЕРА
Идентификатор записи (NLR Aleph) 011334573
100 ## - ДАННЫЕ ОБЩЕЙ ОБРАБОТКИ
Данные общей обработки 20170227d2016 km y0rusy50 ca
101 0# - ЯЗЫК РЕСУРСА
Язык текста, звукозаписи и т.д. русский
102 ## - СТРАНА ПУБЛИКАЦИИ ИЛИ ПРОИЗВОДСТВА
Страна публикации Российская Федерация
105 ## - ПОЛЕ КОДИРОВАННЫХ ДАННЫХ: ТЕКСТОВЫЕ МАТЕРИАЛЫ, МОНОГРАФИЧЕСКИЕ
Кодированные данные о монографическом текстовом документе y||||||||||||
200 1# - ЗАГЛАВИЕ И СВЕДЕНИЯ ОБ ОТВЕТСТВЕННОСТИ
Основное заглавие Стремление души к Всевышнему Аллаху - основа добропорядочного воспитания в исламе
Сведения, относящиеся к заглавию [доклад]
Первые сведения об ответственности профессор Ирдис Халифа
Последующие сведения об ответственности [Хасанийские чтения, Королевство Марокко]
210 ## - ПУБЛИКАЦИЯ, РАСПРОСТРАНЕНИЕ И ДР.
Место издания, распространения и т.д. Москва
Имя издателя, распространителя и т. д. Аль-Васатыя - умеренность
Дата издания, распространения и т.д. 2016
215 ## - ФИЗИЧЕСКАЯ ХАРАКТЕРИСТИКА
Специфическое обозначение материала и объем 23 с.
Размеры 21
225 1# - СЕРИЯ
Основное заглавие серии Серия "Ислам против радикализма"
300 ## - ОБЩИЕ ПРИМЕЧАНИЯ
Текст примечания На обл. и в вып. дан. авт.: Идрис [т. е. Ирдис] Халифа
300 ## - ОБЩИЕ ПРИМЕЧАНИЯ
Текст примечания В надзаг.: Науч.-просвет. центр "Аль-Васатыя - умеренность", Некоммерч. благотвор. фонд Фонд поддержки ислам. культуры, науки и образования
606 ## - НАИМЕНОВАНИЕ ТЕМЫ КАК ПРЕДМЕТ
Наименование темы Ислам
Системный номер авторитетной/нормативной записи 1049283
Идентификатор авторитетной/нормативной записи RU\NLR\AUTH\6687295
686 2# - ИНДЕКСЫ ДРУГИХ КЛАССИФИКАЦИЙ
Индекс Э38,0
700 #1 - ИМЯ ЛИЦА - ПЕРВИЧНАЯ ОТВЕТСТВЕННОСТЬ
Графика поля Кириллица
Материалы, к которым относится поле rus
Начальный элемент ввода Халифа
Часть имени, кроме начального элемента ввода И.
Расширение инициалов личного имени Ирдис
Системный номер авторитетной/нормативной записи 171991
Идентификатор авторитетной/нормативной записи RU\NLR\AUTH\770172041
711 12 - НАИМЕНОВАНИЕ ОРГАНИЗАЦИИ - АЛЬТЕРНАТИВНАЯ ОТВЕТСТВЕННОСТЬ
Начальный элемент ввода Хасанийские чтения
Место проведения временной организации Касабланка
Дата проведения временной организации 1916
Системный номер авторитетной/нормативной записи 553996
Идентификатор авторитетной/нормативной записи RU\NLR\AUTH\880445161
942 ## - ДОПОЛНИТЕЛЬНЫЕ ЭЛЕМЕНТЫ ЗАПИСИ (АБИС)
Тип экземпляра АБИС Книга
980 ## - КОЛЛЕКЦИЯ
Название коллекции НБР

Нет доступных экземпляров.